000 00426nam a2200169 4500
003 DO-SdBNP
005 20180125093134.0
008 161104b1981 sp||||| |||| 00| 0 spa d
020 _a843051192X
040 _aBPMSU
_bspa
_cBPMSU
245 _aEtana el sumerio
260 _aBarcelona :
_bSusaeta
_c1981
300 _a43 p. :
_bil. :
_c29 cm
942 _2ddc
_cBK
945 _ainventariado, 2018 / dg
956 _adgarcia
999 _c11773
_d11773